Afrikanische Flaggen mit Sternen - Statistiken

Allgemein
  • Dieses Quiz wurde 353 mal gespielt
    275 seit der letzten Aktualisierung
  • Das Durchschnittsergebnis liegt bei 22 aus 26
Antwortstatistiken
Bildquiz Antwort % Korrekt
Marokko
96%
Algerien
94%
Tunesien
94%
Angola
91%
Somalia
91%
Ghana
90%
Senegal
89%
Liberia
87%
Libyen
87%
Äthiopien
86%
D. R. Kongo
86%
Kamerun
86%
Mauretanien
85%
Südsudan
84%
Togo
81%
Burundi
80%
Burkina Faso
79%
Kap Verde
79%
Mosambik
78%
Zentralafrikanische Republik
77%
Simbabwe
76%
Dschibuti
75%
Komoren
74%
Äquatorialguinea
73%
São Tomé und Príncipe
73%
Guinea-Bissau
71%
Keine übereinstimmenden Quizze gefunden
Verteilung der Resultate
Anzahl Personen mit jedem Resultat
Perzentil nach korrekt beantworteten Fragen
Ihre Resultats-Entwicklung
Sie haben dieses Quiz seit der letzten Aktualisierung nicht gespielt